| 000 | 00440nam a2200205Ia 4500 | ||
|---|---|---|---|
| 001 | 12002 | ||
| 003 | GE_BSU | ||
| 008 | 181216s||||||||xx |||||||||||||| ||und|| | ||
| 020 | _a9780552152693 | ||
| 040 | _cGE_BSU | ||
| 080 | _a821.111-314 | ||
| 100 | _aHawks,John Twelve | ||
| 245 | 4 | _aThe traveller | |
| 260 | _aLondon | ||
| 260 | _bCorgi Books. | ||
| 260 | _c2006. | ||
| 300 | _a605p;18cm. | ||
| 653 | _aThe traveller | ||
| 942 | _cBK | ||
| 999 |
_c45179 _d45179 |
||